| 000 | 00950nac a22002411u 4500 | ||
|---|---|---|---|
| 003 | EG-ScBUE | ||
| 005 | 20221113025128.0 | ||
| 008 | 160229s1996 enka f b 001 0 eng d | ||
| 020 | _a0500279217 | ||
| 040 |
_aEG-ScBUE _beng _erda _cEG-ScBUE _dEG-ScBUE |
||
| 082 | 0 | 4 |
_a724.12 _bITA _222 |
| 245 | 0 | 0 |
_aItalian renaissance architecture : _bfrom Brunelleschi to Michelangelo / _cedited by Henry A. Millon |
| 264 | 1 |
_aLondon : _bThames and Hudson, _c1996. |
|
| 300 |
_a454 pages : _billustrations (some color) ; _c30 cm |
||
| 500 | _aAbridged ed. _ Previous ed. published as: The Renaissance from Brunelleschi to Michelangelo. 1994. | ||
| 504 | _aIncludes bibliographical references and index. | ||
| 650 | 7 |
_aArchitectural models _zItaly. _2BUEsh |
|
| 650 | 7 |
_aArchitectural drawing _zItaly _y16th century. _2BUEsh |
|
| 653 | _bENGARC | ||
| 655 |
_vReading book _934232 |
||
| 700 | 1 |
_aMillon, Henry A. _d1927- _q(Henry Armand), _eeditor. |
|
| 942 |
_cBB _2ddc |
||
| 999 |
_c3535 _d3535 |
||